|
|
|
|
| LEADER |
00727nab a2200181 i 4500 |
| 001 |
publ34247 |
| 005 |
20240722083822.0 |
| 008 |
240722s2015 hu o 000 hun d |
| 024 |
7 |
|
|a 2958426
|2 mtmt
|
| 040 |
|
|
|a SZTE Publicatio Repozitórium
|b hun
|
| 041 |
|
|
|a hun
|
| 100 |
1 |
|
|a Váraljai Anna
|
| 245 |
1 |
0 |
|a Szövetén a hiány rajzol
|h [elektronikus dokumentum] :
|b A Matéria Művészeti Társasá kiállítása a Reökben /
|c Váraljai Anna
|
| 260 |
|
|
|c 2015
|
| 300 |
|
|
|a 69606
|
| 490 |
0 |
|
|a TISZATÁJONLINE
|
| 650 |
|
4 |
|a Művészetek (művészetek, művészettörténet, előadóművészetek, zene)
|
| 856 |
4 |
0 |
|u http://publicatio.bibl.u-szeged.hu/34247/1/Szovetenahianyrajzol_Tiszatajonline-irodalommuveszetkultura.pdf
|z Dokumentum-elérés
|